World of Tanks maps - Statistics

General Stats
  • This quiz has been taken 192 times
  • The average score is 25 of 41
Answer Stats
Picture Answer % Correct
Berlin
88%
Paris
84%
Mines
81%
Ensk
80%
Malinovka
79%
Prokhorovka
79%
Himmelsdorf
77%
Ghost Town
76%
Airfield
74%
Highway
69%
Lakeville
68%
Studzianki
66%
El Halluf
65%
Overlord
65%
Ruinberg
63%
Steppes
63%
Sand river
62%
Erlenberg
61%
Cliff
59%
Karelia
59%
Murovanka
59%
Abbey
57%
Fisherman's bay
55%
Glacier
55%
Mannerheim line
54%
Redshire
54%
Fjords
53%
Pilsen
53%
Province
53%
Tundra
52%
Westfield
52%
Empire's Border
49%
Pearl River
49%
Mountain pass
48%
Oyster Bay
48%
Siegfried line
46%
Outpost
45%
Safe Haven
43%
Live Oaks
40%
Widepark
39%
Serene Coast
36%
No matching quizzes found
Score Distribution
Percent of People with Each Score
Percentile by Number Answered
Your Score History
You have not taken this quiz